[Event "32nd GER-ch Seniors-65 2020"]
[Site "Magdeburg"]
[Date "2020.08.17"]
[Round "4.5"]
[White "Andersen, Knut"]
[Black "Krueger, Erich"]
[Result "1-0"]
[WhiteElo "2047"]
[BlackElo "2102"]
[Annotator "TA"]
[PlyCount "75"]
[EventDate "2020.08.14"]
[EventType "swiss"]
[EventCountry "GER"]
[SourceTitle "playchess.com"]
[Source "ChessBase"]
[SourceQuality "1"]

{[%evp 18,75,43,24,42,38,63,58,81,43,79,69,128,102,97,100,110,94,93,99,86,89,98,94,96,-300,-145,-141,21,13,56,62,55,59,66,54,57,52,66,81,209,219,301,287,303,280,267,281,12830,12830,29983,29984,29984,29985,29985,29986,29993,29994,29994,29995]} 1. d4 Nf6 2. Nf3 g6 3. Bg5 Bg7 4. Nbd2 O-O 5. c3 d5 6. e3 c5 7. Bd3 cxd4 8. exd4 Nc6 9. O-O Qc7 10. Re1 Bg4 {D03: 1 d4 d5 2 Nf3 Nf6 3 Bg5, including Torre Attack with early ...d5.} 11. h3 Be6 12. Nf1 {[%cal Bd2f1,Bf1g3,Bg3h5][%mdl 32]} a6 {White is slightly better.} 13. Qd2 {[#]} b5 $146 ({Predecessor:} 13... Rfe8 14. Bh6 Nd7 15. Bxg7 Kxg7 16. Ng5 Nf8 17. Ne3 Qd6 18. Nxe6+ Nxe6 19. Ng4 Qf4 {1-0 (38) Sosna,J (2346)-Kozinka,R (1990) Slovakia 2016}) 14. Bh6 Ne8 (14... b4 $14) 15. Bxg7 Kxg7 16. Ng3 Nf6 17. Ne5 Nxe5 18. dxe5 Nd7 19. Nh5+ Kh8 {[#]} (19... gxh5 $2 20. Qg5+ Kh8 {[#]} 21. Qh6 $1 $18 {[%mdl 512]}) 20. Qh6 $1 {[%csl Gh5][%cal Rh6g7][%mdl 512]} Rg8 21. f4 $2 {[%mdl 8192]} (21. Nf4 $16 {keeps the pressure on.}) 21... Nc5 (21... Bf5 $19 22. e6 (22. Bxf5 $2 gxf5 23. Nf6 exf6 $19) 22... Bxd3 23. exf7 gxh5 24. fxg8=Q+ Rxg8) 22. Bb1 $17 Ne4 $2 (22... Na4 $17 23. f5 Bxf5 24. Bxf5 gxf5) 23. Bxe4 $40 {[%mdl 128] White has some attack.} Qc5+ 24. Kh2 {Bd3 is the strong threat.} dxe4 25. Ng3 Bf5 26. Re2 Rad8 27. Rae1 (27. Nxe4 $6 Bxe4 28. Rxe4 Rd2 $15) 27... Rd3 28. Qg5 Qd5 (28... e3 $16 {was necessary.}) 29. Qxe7 $18 ({Inferior is} 29. Nxf5 gxf5 30. Qxe7 (30. Qxf5 e3 $11) 30... Rg6 $11) 29... Qxa2 30. Qf6+ ({But not} 30. Nxe4 $6 Qe6 $18) 30... Rg7 31. Nxe4 Bxe4 32. Rxe4 {Threatening mate with e6.} Rd2 $2 (32... Qe6 33. R1e3 Rd2) 33. e6 {Intending exf7 and mate.} Qxb2 34. Rg1 {White mates.} (34. exf7 $2 {is a self mate.} Rxg2+ 35. Kh1 Rh2+ 36. Kg1 Qg2#) 34... fxe6 35. Rxe6 {[%cal Re6e8]} Re2 36. Rxa6 Re8 37. Ra7 {[%csl Ga7][%cal Rf6g7]} Reg8 38. Re1 {What a bad dream for Black. Accuracy: White = 85%, Black = 41%.} 1-0

[Event "32nd GER-ch Seniors-65 2020"]
[Site "Magdeburg"]
[Date "2020.08.17"]
[Round "4.6"]
[White "Zimmermann, Rolf"]
[Black "Kierzek, Matthias"]
[Result "0-1"]
[WhiteElo "2101"]
[BlackElo "2228"]
[Annotator "ChessBase"]
[PlyCount "88"]
[EventDate "2020.08.14"]
[EventType "swiss"]
[EventCountry "GER"]
[SourceTitle "playchess.com"]
[Source "ChessBase"]
[SourceQuality "1"]
[TimeControl "40/5400+30:1800+30"]

1. c4 {[%emt 0:00:00]} e5 {[%emt 0:00:00]} 2. Nc3 {[%emt 0:00:04]} Bb4 {[%emt 0:00:00]} 3. g3 {[%emt 0:00:47]} Bxc3 {[%emt 0:00:00]} 4. dxc3 {[%emt 0:00:15]} d6 {[%emt 0:00:15]} 5. Bg2 {[%emt 0:00:14]} Nc6 {[%emt 0:02:47]} 6. c5 {[%emt 0:06:28]} dxc5 {[%emt 0:08:28]} 7. Bxc6+ {[%emt 0:01:39]} bxc6 {[%emt 0:00:25]} 8. Qxd8+ {[%emt 0:00:04]} Kxd8 {[%emt 0:00:12]} 9. c4 {[%emt 0:00:30]} Be6 {[%emt 0:07:14]} 10. b3 {[%emt 0:03:26]} Nf6 {[%emt 0:00:47]} 11. Nf3 {[%emt 0:06:19]} Nd7 {[%emt 0:01:53]} 12. Ng5 {[%emt 0:00:18]} Ke7 {[%emt 0:00:45]} 13. Nxe6 {[%emt 0:06:38]} Kxe6 {[%emt 0:00:04]} 14. e4 {[%emt 0:03:35]} a5 {[%emt 0:02:19]} 15. Be3 {[%emt 0:12:35]} a4 {[%emt 0:01:01]} 16. Kd2 {[%emt 0:00:16]} Ra6 {[%emt 0:10:07]} 17. Kc2 {[%emt 0:01:20]} Rha8 {[%emt 0:01:15]} 18. Rab1 {[%emt 0:01:00]} axb3+ {[%emt 0:08:42]} 19. axb3 {[%emt 0:00:06]} Ra2+ {[%emt 0:00:21]} 20. Rb2 {[%emt 0:00:19]} Ra1 {[%emt 0:00:59]} 21. Rxa1 {[%emt 0:00:17]} Rxa1 {[%emt 0:00:02]} 22. Rb1 {[%emt 0:00:18]} Rxb1 {[%emt 0:00:57]} 23. Kxb1 {[%emt 0:00:17]} f5 {[%emt 0:00:26]} 24. exf5+ {[%emt 0:02:25]} Kxf5 {[%emt 0:00:03]} 25. f3 {[%emt 0:00:31]} e4 {[%emt 0:14:36]} 26. g4+ {[%emt 0:02:06]} Ke6 {[%emt 0:00:23]} 27. f4 {[%emt 0:00:15]} h5 {[%emt 0:01:26]} 28. f5+ {[%emt 0:03:11]} Ke5 {[%emt 0:03:26]} 29. gxh5 {[%emt 0:02:42]} Kxf5 {[%emt 0:03:48]} 30. h3 {[%emt 0:05:07]} Nf8 {[%emt 0:07:53]} 31. Bxc5 {[%emt 0:04:57]} Ne6 {[%emt 0:00:34]} 32. Be3 {[%emt 0:05:49]} Nf4 {[%emt 0:00:29]} 33. h6 {[%emt 0:02:07]} gxh6 {[%emt 0:00:16]} 34. Kc2 {[%emt 0:01:44]} h5 {[%emt 0:01:45]} 35. h4 {[%emt 0:01:19]} Kg4 {[%emt 0:06:13]} 36. Kd2 Kf3 37. b4 {[%emt 0:07:22]} Ng2 {[%emt 0:00:26]} 38. Bg5 {[%emt 0:00:08]} e3+ {[%emt 0:00:08]} 39. Kd3 {[%emt 0:02:40]} e2 {[%emt 0:00:16]} 40. Bd2 {[%emt 0:00:16]} e1=Q {[%emt 0:00:22]} 41. Bxe1 {[%emt 0:30:14]} Nxe1+ {[%emt 0:30:08]} 42. Kd4 {[%emt 0:01:04]} Kg4 {[%emt 0:02:38]} 43. Kc5 {[%emt 0:00:51]} Nd3+ {[%emt 0:00:24]} 44. Kxc6 {[%emt 0:00:24]} Nxb4+ {[%emt 0:00:05]} 0-1

[Event "32nd GER-ch Seniors-65 2020"]
[Site "Magdeburg"]
[Date "2020.08.17"]
[Round "4.7"]
[White "Falk, Thomas"]
[Black "Strobel, Walter"]
[Result "1/2-1/2"]
[WhiteElo "2093"]
[BlackElo "2150"]
[Annotator "TA"]
[PlyCount "39"]
[EventDate "2020.08.14"]
[EventType "swiss"]
[EventCountry "GER"]
[SourceTitle "playchess.com"]
[Source "ChessBase"]
[SourceQuality "1"]

{[%evp 10,39,27,19,23,20,25,7,9,16,12,2,12,0,0,0,0,0,0,0,0,13,14,-40,-30,-25,0,-41,0,0,0,-8]} 1. d4 d5 2. Nf3 Nf6 3. c4 c6 4. Nbd2 e6 5. e3 Nbd7 6. b3 b6 {D30: Queen's Gambit Declined: Systems without Nc3.} 7. Bb2 Bb7 8. Be2 Bd6 9. O-O O-O 10. Rc1 Qe7 11. Qc2 Rac8 {[#]} 12. e4 $146 ({Predecessor:} 12. Qb1 Rfd8 13. Bd3 h6 14. Rfe1 c5 15. e4 dxe4 16. Nxe4 Nxe4 17. Bxe4 Bxe4 18. Qxe4 cxd4 19. Nxd4 {0-1 (91) Karttunen,M (2429)-Pinter,G (2363) Budapest 2002}) 12... dxe4 13. Nxe4 Nxe4 14. Qxe4 f5 15. Qc2 c5 16. Rfe1 (16. d5 $11) 16... Be4 17. Qd2 h6 18. Ne5 {[#] Ng6 is the strong threat.} Nxe5 19. dxe5 Bc7 20. Rcd1 {Accuracy: White = 81%, Black = 85%.} 1/2-1/2

[Event "32nd GER-ch Seniors-65 2020"]
[Site "Magdeburg"]
[Date "2020.08.17"]
[Round "4.8"]
[White "Kierzek, Mira"]
[Black "Knaak, Joachim"]
[Result "1/2-1/2"]
[WhiteElo "2001"]
[BlackElo "2144"]
[Annotator "TA"]
[PlyCount "44"]
[EventDate "2020.08.14"]
[EventType "swiss"]
[EventCountry "GER"]
[SourceTitle "playchess.com"]
[Source "ChessBase"]
[SourceQuality "1"]

{[%evp 27,44,31,31,29,29,0,0,0,0,0,0,0,0,-13,4,4,4,4,29980]} 1. Nf3 Nf6 2. g3 g6 3. Bg2 Bg7 4. O-O d5 5. c4 O-O 6. d4 c6 7. cxd5 cxd5 8. Nc3 Nc6 9. Ne5 Nxe5 10. dxe5 Ng4 11. Nxd5 Nxe5 12. Bg5 Nc6 13. Nxe7+ Nxe7 14. Qxd8 Rxd8 15. Bxe7 {D79: Fianchetto Grünfeld: Symmetrical Variation (6 0-0 c6 7 cxd5 cxd5).} Re8 16. Ba3 Rxe2 {The position is equal.} 17. Rfe1 Rxe1+ $1 18. Rxe1 Be6 $1 19. Bxb7 Rb8 {[#]} 20. Rd1 $146 ({Predecessor:} 20. Bc6 Bxb2 21. Bxb2 Rxb2 22. a4 Rc2 23. Bb5 Kg7 24. Rd1 Bg4 25. Re1 Bf3 26. Kf1 {½-½ (40) Kiseleva,A (1975)-Chernyak,V (1968) St Petersburg 2013}) 20... Bf8 {[#] And now ...Bxa3 would win.} 21. Bd5 Rd8 {Hoping for ...Bxa3.} 22. Bb3 Bc8 $2 {[%mdl 40960] Black got outplayed after the opening. Accuracy: White = 85%, Black = 85%. . An unexpected result.} (22... Rxd1+ $11 23. Bxd1 Bxa2) 1/2-1/2

[Event "32nd GER-ch Seniors-65 2020"]
[Site "Magdeburg"]
[Date "2020.08.17"]
[Round "4.9"]
[White "Harringer, Manfred"]
[Black "Krauseneck, Peter"]
[Result "1/2-1/2"]
[WhiteElo "2008"]
[BlackElo "2120"]
[Annotator "ChessBase"]
[PlyCount "205"]
[EventDate "2020.08.14"]
[EventType "swiss"]
[EventCountry "GER"]
[SourceTitle "playchess.com"]
[Source "ChessBase"]
[SourceQuality "1"]
[TimeControl "40/5400+30:1800+30"]

1. e4 {[%emt 0:00:00]} e6 {[%emt 0:00:00]} 2. d4 {[%emt 0:00:00]} b6 {[%emt 0:00:00]} 3. Nc3 {[%emt 0:01:38]} Bb7 {[%emt 0:00:04]} 4. Bd3 {[%emt 0:01:22]} Bb4 {[%emt 0:00:16]} 5. Nge2 {[%emt 0:01:47]} d5 {[%emt 0:05:20]} 6. O-O {[%emt 0:01:22]} dxe4 {[%emt 0:02:08]} 7. Bxe4 {[%emt 0:02:16]} c6 {[%emt 0:02:35]} 8. a3 {[%emt 0:03:56]} Be7 {[%emt 0:00:03]} 9. Bf4 {[%emt 0:07:27]} Nf6 {[%emt 0:00:04]} 10. Bf3 {[%emt 0:00:16]} O-O {[%emt 0:01:36]} 11. Re1 {[%emt 0:03:59]} Nbd7 {[%emt 0:01:18]} 12. Ng3 {[%emt 0:04:20]} Nd5 {[%emt 0:05:05]} 13. Nxd5 {[%emt 0:02:28]} cxd5 {[%emt 0:02:32]} 14. Be2 {[%emt 0:00:54]} Rc8 {[%emt 0:00:18]} 15. Bd3 {[%emt 0:00:19]} Nf6 {[%emt 0:05:14]} 16. c3 {[%emt 0:03:03]} Qd7 {[%emt 0:01:25]} 17. Re3 {[%emt 0:04:44]} g6 {[%emt 0:09:08]} 18. h4 {[%emt 0:11:24]} h5 {[%emt 0:04:44]} 19. Bg5 {[%emt 0:01:27]} Ng4 {[%emt 0:02:10]} 20. Re2 {[%emt 0:02:19]} Kg7 {[%emt 0:09:47]} 21. Qd2 {[%emt 0:01:42]} Rh8 {[%emt 0:01:39]} 22. Rae1 {[%emt 0:01:18]} Bd6 {[%emt 0:03:42]} 23. Bf4 {[%emt 0:02:14]} Rce8 {[%emt 0:01:53]} 24. Bxd6 {[%emt 0:02:55]} Qxd6 {[%emt 0:00:08]} 25. Qg5 {[%emt 0:01:55]} Qd8 {[%emt 0:01:51]} 26. f3 {[%emt 0:02:01]} Nf6 {[%emt 0:01:14]} 27. Re3 {[%emt 0:05:23]} Qd6 {[%emt 0:08:04]} 28. Ne2 {[%emt 0:12:43]} Nh7 {[%emt 0:00:55]} 29. Qf4 {[%emt 0:01:05]} Qxf4 {[%emt 0:02:31]} 30. Nxf4 {[%emt 0:00:05]} Nf6 {[%emt 0:04:29]} 31. Kf2 {[%emt 0:00:30]} Bc6 {[%emt 0:00:11]} 32. R3e2 a5 {[%emt 0:03:39]} 33. Rd2 {[%emt 0:05:18]} Rb8 {[%emt 0:02:22]} 34. Bf1 {[%emt 0:01:06]} Rhc8 {[%emt 0:02:02]} 35. Ba6 {[%emt 0:01:23]} Re8 {[%emt 0:00:01]} 36. Bf1 {[%emt 0:00:34]} Ba4 {[%emt 0:02:26]} 37. Nd3 {[%emt 0:07:39]} Rec8 {[%emt 0:06:02]} 38. Ne5 {[%emt 0:01:18]} b5 {[%emt 0:02:44]} 39. Ra1 {[%emt 0:01:34]} Bb3 {[%emt 0:00:40]} 40. Bd3 {[%emt 0:01:07]} Rc7 {[%emt 0:01:14]} 41. Ke3 {[%emt 0:04:11]} Ne8 {[%emt 0:10:39]} 42. Bc2 {[%emt 0:01:58]} Bxc2 {[%emt 0:02:58]} 43. Rxc2 {[%emt 0:00:05]} Nd6 {[%emt 0:00:52]} 44. Nd3 {[%emt 0:02:37]} Nf5+ {[%emt 0:01:31]} 45. Kd2 {[%emt 0:03:41]} Nxh4 {[%emt 0:00:33]} 46. Nc5 {[%emt 0:00:04]} Ra7 {[%emt 0:03:10]} 47. Kd3 {[%emt 0:00:16]} a4 {[%emt 0:03:18]} 48. g4 {[%emt 0:02:19]} Rh8 {[%emt 0:04:06]} 49. Ke3 {[%emt 0:01:33]} Re7 {[%emt 0:03:42]} 50. Kf4 {[%emt 0:03:59]} f6 {[%emt 0:05:05]} 51. Re1 {[%emt 0:00:19]} g5+ {[%emt 0:01:35]} 52. Kg3 {[%emt 0:03:24]} hxg4 {[%emt 0:01:22]} 53. Kxg4 {[%emt 0:01:05]} f5+ {[%emt 0:00:19]} 54. Kg3 {[%emt 0:00:07]} Kf6 {[%emt 0:00:16]} 55. Rce2 {[%emt 0:00:22]} Rhe8 {[%emt 0:00:02]} 56. Nd3 {[%emt 0:01:44]} f4+ {[%emt 0:00:55]} 57. Kf2 {[%emt 0:03:10]} Nf5 {[%emt 0:00:12]} 58. Ne5 {[%emt 0:01:23]} Ne3 {[%emt 0:01:53]} 59. Rh1 {[%emt 0:00:31]} Rg7 {[%emt 0:01:17]} 60. Rh6+ {[%emt 0:01:38]} Ke7 {[%emt 0:00:14]} 61. Ke1 {[%emt 0:00:19]} Nf5 {[%emt 0:00:18]} 62. Rh3 {[%emt 0:01:25]} Nh4 {[%emt 0:01:36]} 63. Nd3 {[%emt 0:01:13]} Rf8 {[%emt 0:00:46]} 64. Ne5 {[%emt 0:01:48]} Rh8 {[%emt 0:00:24]} 65. Kd1 {[%emt 0:00:38]} Rgh7 {[%emt 0:00:10]} 66. Reh2 {[%emt 0:00:57]} Kf6 {[%emt 0:00:41]} 67. Ng4+ {[%emt 0:01:41]} Kg7 68. Re2 {[%emt 0:00:10]} Re8 {[%emt 0:01:45]} 69. Re5 {[%emt 0:00:41]} Kg6 {[%emt 0:00:10]} 70. Re2 {[%emt 0:00:21]} Ree7 {[%emt 0:01:04]} 71. Ne5+ Kf5 {[%emt 0:00:40]} 72. Reh2 {[%emt 0:00:41]} Rh8 {[%emt 0:00:25]} 73. Rh1 {[%emt 0:00:34]} Reh7 {[%emt 0:00:31]} 74. Ke2 {[%emt 0:01:38]} Re8 {[%emt 0:00:47]} 75. Kd1 {[%emt 0:00:06]} Rhh8 {[%emt 0:00:37]} 76. Ke2 {[%emt 0:01:27]} Ng6 {[%emt 0:00:20]} 77. Nf7 {[%emt 0:00:31]} Rxh3 {[%emt 0:00:20]} 78. Rxh3 {[%emt 0:00:05]} Kf6 {[%emt 0:00:13]} 79. Nd6 {[%emt 0:01:27]} Rd8 {[%emt 0:00:06]} 80. Nb7 {[%emt 0:00:17]} Rb8 {[%emt 0:00:24]} 81. Rh7 {[%emt 0:00:45]} e5 {[%emt 0:02:08]} 82. Nc5 {[%emt 0:00:10]} Re8 {[%emt 0:00:25]} 83. Nd7+ {[%emt 0:01:05]} Kf5 {[%emt 0:00:19]} 84. Rf7+ {[%emt 0:00:36]} Ke6 {[%emt 0:00:02]} 85. Rg7 {[%emt 0:00:17]} exd4 {[%emt 0:00:32]} 86. cxd4 {[%emt 0:00:51]} Ne7 {[%emt 0:00:23]} 87. Ne5 {[%emt 0:00:21]} Rg8 {[%emt 0:00:48]} 88. Rh7 {[%emt 0:00:09]} Nf5 {[%emt 0:00:12]} 89. Kd3 {[%emt 0:00:12]} Rg7 {[%emt 0:00:46]} 90. Rh8 {[%emt 0:00:16]} Nd6 {[%emt 0:00:43]} 91. Rh6+ {[%emt 0:00:30]} Ke7 {[%emt 0:00:08]} 92. Nc6+ {[%emt 0:00:27]} Kd7 {[%emt 0:00:05]} 93. Nb4 {[%emt 0:02:00]} Nc4 {[%emt 0:00:41]} 94. Rh2 {[%emt 0:00:41]} Ne3 {[%emt 0:00:18]} 95. Rh6 {[%emt 0:00:17]} Kc7 {[%emt 0:01:06]} 96. Na6+ {[%emt 0:00:23]} Kd8 {[%emt 0:01:26]} 97. Nc5 {[%emt 0:00:18]} Ke7 {[%emt 0:00:27]} 98. Rb6 {[%emt 0:00:55]} g4 {[%emt 0:00:13]} 99. Rb7+ {[%emt 0:00:48]} Kf6 {[%emt 0:00:05]} 100. Rxg7 {[%emt 0:00:01]} Kxg7 {[%emt 0:00:01]} 101. fxg4 {[%emt 0:00:21]} Nxg4 {[%emt 0:00:02]} 102. Ne6+ Kf7 103. Nxf4 {[%emt 0:01:13]} 1/2-1/2

[Event "32nd GER-ch Seniors-65 2020"]
[Site "Magdeburg"]
[Date "2020.08.17"]
[Round "4.10"]
[White "Buchal, Stephan"]
[Black "Hilbig, Dieter"]
[Result "1/2-1/2"]
[WhiteElo "2280"]
[BlackElo "1884"]
[Annotator "ChessBase"]
[PlyCount "62"]
[EventDate "2020.08.14"]
[EventType "swiss"]
[EventCountry "GER"]
[SourceTitle "playchess.com"]
[Source "ChessBase"]
[SourceQuality "1"]
[TimeControl "40/5400+30:1800+30"]

1. c4 {[%emt 0:00:00]} e6 {[%emt 0:00:13]} 2. g3 {[%emt 0:00:00]} d5 {[%emt 0:00:21]} 3. Bg2 {[%emt 0:00:10]} Nf6 {[%emt 0:00:29]} 4. Nf3 {[%emt 0:00:14]} Be7 {[%emt 0:01:26]} 5. O-O {[%emt 0:00:36]} O-O {[%emt 0:00:12]} 6. b3 {[%emt 0:00:20]} b6 {[%emt 0:04:25]} 7. Bb2 {[%emt 0:01:10]} Bb7 {[%emt 0:00:39]} 8. e3 {[%emt 0:00:45]} c5 {[%emt 0:04:07]} 9. Nc3 {[%emt 0:01:12]} dxc4 {[%emt 0:07:08]} 10. bxc4 {[%emt 0:02:21]} Ne4 {[%emt 0:02:00]} 11. Qc2 {[%emt 0:08:50]} Nxc3 {[%emt 0:05:21]} 12. Bxc3 {[%emt 0:00:11]} Nc6 {[%emt 0:04:59]} 13. Rfd1 {[%emt 0:06:46]} Qc7 {[%emt 0:01:52]} 14. Qb2 {[%emt 0:06:12]} f6 {[%emt 0:03:17]} 15. d4 {[%emt 0:00:55]} Rad8 {[%emt 0:03:02]} 16. Rac1 {[%emt 0:14:18]} Rfe8 {[%emt 0:05:10]} 17. d5 {[%emt 0:03:33]} exd5 {[%emt 0:03:17]} 18. cxd5 {[%emt 0:00:15]} Nb8 {[%emt 0:01:08]} 19. e4 {[%emt 0:07:18]} Bd6 {[%emt 0:04:25]} 20. Nd2 {[%emt 0:07:04]} Be5 {[%emt 0:03:50]} 21. f4 {[%emt 0:04:54]} Bxc3 {[%emt 0:00:44]} 22. Qxc3 {[%emt 0:00:28]} Bc8 {[%emt 0:07:32]} 23. Re1 {[%emt 0:01:30]} g5 {[%emt 0:03:18]} 24. fxg5 {[%emt 0:09:01]} fxg5 {[%emt 0:00:27]} 25. Nf3 {[%emt 0:00:26]} h6 {[%emt 0:01:10]} 26. Nd2 {[%emt 0:05:45]} Nd7 {[%emt 0:02:01]} 27. Rf1 {[%emt 0:09:47]} Ne5 28. Rf2 {[%emt 0:06:29]} Ng4 {[%emt 0:09:13]} 29. Rf3 {[%emt 0:00:13]} Ne5 {[%emt 0:00:33]} 30. Rf2 {[%emt 0:00:02]} Ng4 {[%emt 0:00:32]} 31. Rf3 {[%emt 0:00:47]} Ne5 {[%emt 0:00:05]} 1/2-1/2

[Event "32nd GER-ch Seniors-65 2020"]
[Site "Magdeburg"]
[Date "2020.08.17"]
[Round "4.11"]
[White "Boidman, Yuri"]
[Black "Etzold, Walter"]
[Result "1-0"]
[WhiteElo "2328"]
[BlackElo "2022"]
[Annotator "TA"]
[PlyCount "75"]
[EventDate "2020.08.14"]
[EventType "swiss"]
[EventCountry "GER"]
[SourceTitle "playchess.com"]
[Source "ChessBase"]
[SourceQuality "1"]

{[%evp 15,75,39,32,29,54,57,85,62,96,65,72,63,57,53,44,25,29,32,52,-11,63,56,62,63,48,43,58,64,39,36,46,37,51,46,195,196,272,67,68,53,136,135,115,108,136,135,143,140,157,157,164,165,180,177,286,280,445,435,412,418,741,716]} 1. e4 e6 2. Nf3 d5 3. Nc3 dxe4 4. Nxe4 Be7 5. d4 Nf6 6. Nxf6+ Bxf6 7. Bd3 Nd7 8. O-O O-O 9. Qe2 {C10: French with 3 Nc3: Unusual Black 3rd moves and 3...dxe4.} Re8 10. Ne5 Nf8 11. c3 {[#] White is better.} Bd7 $146 ({Predecessor:} 11... Ng6 12. f4 Qe7 13. Rf3 Nf8 14. Rh3 g6 15. Rf3 Bd7 16. g4 Rab8 17. Bd2 Bc6 {0-1 (55) Gontcharova,O-Nurimanova,R Ufa 1996}) 12. Bf4 Ng6 13. Bg3 Bxe5 14. dxe5 Bc6 15. c4 Qe7 16. h4 Red8 17. h5 (17. Rad1 $14) 17... Nf8 (17... Nh4 $11) 18. Rad1 $14 Qg5 19. Kh2 g6 20. f4 Qxh5+ 21. Qxh5 gxh5 22. Bh4 $36 {[%mdl 2048] White is more active.} Rd7 23. Be2 Ng6 {[#] White must now prevent ...Rxd1.} 24. Bg5 f5 ({Black should play} 24... Rxd1 $14 25. Rxd1 h4) 25. exf6 $18 ({Much less strong is} 25. Bxh5 $6 Rxd1 26. Bxd1 (26. Rxd1 h6 $16) 26... h6 $16) 25... Kf7 (25... Rxd1 $142 26. Bxd1 (26. Rxd1 h6 $16) 26... Kf7) 26. f5 $2 ({Don't play} 26. Bxh5 $6 Rad8 $16) (26. Rxd7+ $18 Bxd7 27. Rd1) 26... exf5 $14 27. Rxf5 Rad8 (27... h4 $14) 28. Rxd7+ $16 Rxd7 29. Bxh5 Rd8 30. Rf2 Re8 31. Bd2 Re5 32. g4 Re4 33. b3 Bd7 34. Kg3 c5 (34... Rd4 $142 35. Bc3 Rd3+ 36. Rf3 Rxf3+ 37. Kxf3 h6) 35. g5 $18 b5 (35... b6 $142 36. Rh2 Rd4) 36. Bf3 Rd4 37. Bd5+ Kf8 (37... Be6 $142 38. Bxe6+ Kxe6 39. Re2+ Kf5 40. cxb5 Rd3+ 41. Kg2 Rd5) 38. Be3 {Accuracy: White = 83%, Black = 43%.} 1-0

[Event "32nd GER-ch Seniors-65 2020"]
[Site "Magdeburg"]
[Date "2020.08.17"]
[Round "4.12"]
[White "Heise, Juergen"]
[Black "Postler, Reinhard"]
[Result "0-1"]
[WhiteElo "2006"]
[BlackElo "2238"]
[Annotator "TA"]
[PlyCount "125"]
[EventDate "2020.08.14"]
[EventType "swiss"]
[EventCountry "GER"]
[SourceTitle "playchess.com"]
[Source "ChessBase"]
[SourceQuality "1"]

{[%evp 9,125,-25,-16,-31,-25,-54,-60,-82,-33,-77,-45,-54,-45,-32,-35,-59,-16,-32,-28,-34,-20,-37,-24,-37,-37,-37,-41,-47,-36,-64,-61,-140,-57,-123,-124,-121,-132,-184,-175,-210,-206,-198,-93,-96,-96,-100,-94,-99,-91,-92,-97,-106,-106,-106,-95,-106,-106,-130,-122,-243,-243,-236,-243,-240,-236,-236,-236,-236,-236,-227,-218,-201,-208,-303,-261,-276,-225,-254,-248,-493,-491,-460,-406,-563,-546,-496,-463,-852,-588,-1053,-29954,-533,-29958,-29941,-12845,-29948,-12133,-29966,-29967,-29938,-8509,-5708,-4641,-29976,-29977,-29977,-29977,-29978,-29977,-29977,0,-29976,-29976,-29976,-29977,-29981,-29982,-29978]} 1. f4 Nf6 2. Nf3 d5 3. c4 e6 4. e3 Be7 5. Nc3 O-O {[#]} 6. Be2 $146 {A03: Bird's Opening with 1...d5.} ({Predecessor:} 6. d4 c5 7. cxd5 exd5 8. Be2 Nc6 9. O-O Bg4 10. h3 Bxf3 11. Bxf3 cxd4 12. exd4 {½-½ (51) Bieszk,S (850)-Shim Ng Min,F (1113) LSS email 2014}) 6... c5 7. Qc2 Nc6 8. O-O {Black is slightly better.} b6 9. b3 Bb7 10. Ne5 d4 11. Nxc6 $1 Bxc6 12. Nd1 dxe3 13. Nxe3 Nd7 14. Bb2 Bf6 15. Rad1 Bd4 16. Bf3 Bxf3 17. Rxf3 Nf6 18. Kh1 Qd7 19. Rh3 {Threatening Ng4!} Rfd8 20. Rg3 (20. d3 $15) 20... Qc6 (20... Bxb2 $17 21. Qxb2 Qd4 22. Qxd4 Rxd4) 21. d3 ({White should try} 21. Rf3 $15) 21... Nh5 $17 22. Rf3 {[#]} Nxf4 $1 {[%mdl 512]} 23. Rdf1 (23. Rxf4 $17 {is a better defense.} Bxe3 24. Re4) 23... Bxb2 $19 {[%mdl 64] Overworked Piece} 24. Qxb2 Nxd3 25. Qc3 {Rg3! would now be nice for White.} f5 ({Don't play} 25... f6 26. Ng4 $17) (25... Qd6 $19 {White must now prevent ...Ne5.} 26. Rxf7 Qd4) 26. Nxf5 $17 exf5 27. Rxd3 g6 28. Rfd1 Rxd3 29. Qxd3 {[%mdl 4096] Endgame KQR-KQR} Re8 30. Kg1 Qe6 31. Kf2 Kf7 32. Qd2 Re7 33. g3 Qe4 34. Qd5+ (34. a4 $17) 34... Qxd5 $1 $19 35. Rxd5 {KR-KR} Ke6 $1 36. Rd2 {[#]} Rd7 $1 {[%cal Rd7d2]} 37. Re2+ Kf6 38. h4 h6 39. Rb2 f4 40. gxf4 {[#]} Kf5 $1 41. h5 (41. b4 {keeps fighting.}) 41... gxh5 42. Kg3 Rd3+ 43. Kh4 Kxf4 44. b4 $2 (44. Re2 {was necessary.}) 44... cxb4 45. Rxb4 {intending c5+.} Ke5 46. Ra4 Rd4+ 47. Kxh5 a5 48. Kxh6 (48. Ra3 $142 Rxc4 49. Rb3) 48... Kd6 49. Kg5 Kc5 50. Kf5 Rxc4 51. Ra3 Rc2 52. Ke4 Kc4 53. Ra4+ Kb5 54. Ra3 a4 55. Kd3 Rh2 {( -> ...Rh3+)} 56. Kc3 Ka5 (56... Rh3+ $2 57. Kb2 $19) 57. Kc4 b5+ {[%cal Bb6b5,Bb5b4][%mdl 32]} 58. Kc5 Rc2+ 59. Kd4 Rh2 60. Kc5 b4 {Black mates.} 61. Rf3 Rxa2 62. Rf5 a3 63. Kd4+ {Accuracy: White = 53%, Black = 87%.} 0-1

[Event "32nd GER-ch Seniors-65 2020"]
[Site "Magdeburg"]
[Date "2020.08.18"]
[Round "5.1"]
[White "Schulz, Michael"]
[Black "Dresen, Ulrich"]
[Result "1/2-1/2"]
[WhiteElo "2132"]
[BlackElo "2230"]
[Annotator "TA"]
[PlyCount "27"]
[EventDate "2020.08.14"]
[EventType "swiss"]
[EventCountry "GER"]
[SourceTitle "playchess.com"]
[Source "ChessBase"]
[SourceQuality "1"]

{[%evp 9,27,-14,-3,-4,-9,-8,-8,-12,-10,-5,5,0,0,4,4,0,6,0,0,0]} 1. d4 d5 2. Bf4 c5 3. e3 Nc6 4. Nc3 cxd4 5. exd4 a6 {The position is equal.} 6. Nf3 {B13: Caro-Kann: Exchange Variation and Panov-Botvinnik Attack.} Bg4 7. Be2 e6 8. Ne5 Bxe2 9. Nxe2 Nxe5 10. Bxe5 {[#]} Ne7 $146 ({Predecessor:} 10... Nf6 11. O-O Be7 12. Re1 O-O 13. Nf4 Rc8 14. c3 {½-½ (14) Akoibilla,L (1947)-Tavinski,S (2127) ICCF email 2007}) 11. c3 Nc6 12. Bg3 Bd6 13. O-O Bxg3 14. hxg3 {Not much happened in this game. Accuracy: White = 100%, Black = 100%.} 1/2-1/2